Geological engineering
Saved in:
| Main Authors: | , |
|---|---|
| Format: | Bog |
| Sprog: | engelsk |
| Udgivet: |
Londres
CRC Press
2011
|
| Udgivelse: | 1a. ed |
| Fag: | |
| Tags: |
Tilføj Tag
Ingen Tags, Vær først til at tagge denne postø!
|
MARC
| LEADER | 00000cam a2200000 a 4500 | ||
|---|---|---|---|
| 001 | UCD2790 | ||
| 003 | CL-VaPUC | ||
| 008 | 160505e20110000uk |||||||||||||||||eng|d | ||
| 020 | |a 9780415413527 | ||
| 082 | 0 | 4 | |a 624.151 |b GON |2 21 |
| 100 | |a González de Vallejo, Luis I |e author |9 599128 | ||
| 700 | 0 | |a Ferrer, Mercedes |e author |9 586159 | |
| 245 | 1 | 0 | |a Geological engineering |
| 250 | |a 1a. ed | ||
| 300 | |a 678 p | ||
| 942 | |c BK | ||
| 945 | |d 20160505 16:04:00 |a arojas | ||
| 260 | |a Londres |b CRC Press |c 2011 | ||
| 650 | 7 | |a FORMACION DE LA TIERRA |2 CL-VaPUC |9 392039 | |
| 650 | 7 | |a INGENIERIA GEOLOGICA |2 CL-VaPUC |9 361301 | |
| 650 | 0 | |a Ingeniería civil |9 260076 | |
| 650 | 7 | |a ROCAS IGNEAS |2 CL-VaPUC |9 357477 | |
| 650 | 7 | |a ROCAS SEDIMENTARIAS |2 CL-VaPUC |9 261673 | |
| 650 | 7 | |a ROCAS METAMORFICAS |2 CL-VaPUC |9 262681 | |
| 583 | |a last modification |c 20160505 16:04:00 |k Rodrigo Vera | ||
| 999 | |c 363911 |d 363909 | ||
| 952 | |0 0 |1 0 |3 erd |4 0 |6 624_151000000000000_GON_2011 |7 0 |8 A |9 476745 |a BIBING |b BIBING |i 5285291 |o 624.151 GON 2011 |p 5285291 |r 2025-01-20 |w 2019-11-24 |y BK |z Catalogado en:20160505 |k CIC | ||
| 952 | |0 0 |1 0 |3 erd |4 0 |6 624_151000000000000_GON_2011 |7 0 |8 A |9 476746 |a BIBING |b BIBING |i 5285305 |l 1 |m 1 |o 624.151 GON 2011 |p 5285305 |r 2025-01-20 |s 2024-04-11 |w 2019-11-24 |y BK |z Catalogado en:20160505 |k CIC | ||